000 00557nam a2200181Ia 4500
008 090124s9999 xx 000 0 und d
082 _b39973
100 _aदवणे प्रवीण
245 _a सावर रे ! भाग 3
250 _a0
260 _bनवचैतन्य प्रकाशन
_c2003
300 _a144
600 _aदवणे प्रवीण
630 _a सावर रे ! भाग 3
700 _aदवणे प्रवीण
730 _a सावर रे ! भाग 3
942 _cBOOK
999 _c103000
_d103000